[Event "MVP-ch Seniors op 13th"]
[Site "Binz"]
[Date "2013.12.04"]
[Round "8"]
[White "Artmann, Heribert"]
[Black "Thieme, Wolfgang"]
[Result "1/2-1/2"]
[WhiteElo "1601"]
[BlackElo "1722"]
[PlyCount "102"]
[EventDate "2013.11.27"]
[EventType "swiss"]
[EventRounds "9"]
[EventCountry "GER"]
[SourceTitle "EXT 2015"]
[Source "ChessBase"]
[SourceDate "2014.11.20"]
[SourceVersion "1"]
[SourceVersionDate "2014.11.20"]
[SourceQuality "1"]

1. e4 c5 2. Nf3 e6 3. Nc3 a6 4. Be2 b5 5. a3 Bb7 6. d3 Qc7 7. 0-0 Be7 8. Re1 Nf6 9. h3 Nc6 10. Nh2 Nd4 11. Bf1 b4 12. Ne2 Bd6 13. Ng4 Nxg4 14. hxg4 h5 15. g5 h4 16. Nxd4 cxd4 17. axb4 0-0-0 18. Bd2 f5 19. b5 Bh2+ 20. Kh1 h3 21. gxh3 fxe4 22. bxa6 Ba8 23. dxe4 Rdf8 24. f3 Qg3 25. Bg2 Rxh3 26. Bxh3 Qxh3 27. Qe2 Bg3+ 28. Kg1 Bxe4 29. Qg2 Qxg2+ 30. Kxg2 Bxe1 31. Rxe1 Bxf3+ 32. Kg3 Bc6 33. Bf4 Bb5 34. Ra1 Bc6 35. Ra5 Rf5 36. Rxf5 exf5 37. Be5 d3 38. cxd3 Bb5 39. Bxg7 Bxd3 40. a7 Be4 41. Kf4 Kd8 42. Be5 Kc8 43. g6 Kb7 44. g7 Bd5 45. Kxf5 Kxa7 46. Kf6 Kb6 47. Ke7 Be6 48. Kf8 Kc5 49. Ke7 Kc4 50. Bd6 Kb3 51. Kf8 Kxb2 1/2-1/2

[Event "MVP-ch Seniors op 13th"]
[Site "Binz"]
[Date "2013.12.01"]
[Round "5"]
[White "Liphardt, Bodo"]
[Black "Artmann, Heribert"]
[Result "1-0"]
[WhiteElo "1782"]
[BlackElo "1601"]
[PlyCount "81"]
[EventDate "2013.11.27"]
[EventType "swiss"]
[EventRounds "9"]
[EventCountry "GER"]
[SourceTitle "EXT 2015"]
[Source "ChessBase"]
[SourceDate "2014.11.20"]
[SourceVersion "1"]
[SourceVersionDate "2014.11.20"]
[SourceQuality "1"]

1. e4 c5 2. Nc3 d6 3. f4 Nc6 4. Nf3 g6 5. Bc4 Na5 6. Bb5+ Bd7 7. Bxd7+ Qxd7 8. d3 Bg7 9. 0-0 Nc6 10. Bd2 e6 11. Qe1 Nge7 12. f5 gxf5 13. Qg3 Bf6 14. Bg5 Rg8 15. Qh4 Ng6 16. Qh5 Bxg5 17. Nxg5 0-0-0 18. exf5 exf5 19. Nd5 Rh8 20. Nf6 Qe7 21. Ngxh7 Qe3+ 22. Kh1 Qd2 23. Qxf5+ Kc7 24. Nd5+ Kb8 25. Qxf7 Nce5 26. Qc7+ Ka8 27. Rad1 Qh6 28. Ndf6 Nd7 29. h3 Nxf6 30. Rxf6 Qh5 31. Rdf1 Ne5 32. Rf8 Rhxf8 33. Nxf8 Qe8 34. Qg7 a6 35. Nh7 Qh5 36. Qg5 Qxh7 37. Qxd8+ Ka7 38. Qxd6 Nc6 39. Qxc5+ Ka8 40. Rf8+ Nb8 41. Qd6 1-0

[Event "Arber op Seniors 1st"]
[Site "Bayerisch Eisenstein"]
[Date "2013.07.07"]
[Round "9"]
[White "Artmann, Heribert"]
[Black "Bagci, Hikmet"]
[Result "0-1"]
[WhiteElo "1769"]
[BlackElo "1872"]
[PlyCount "88"]
[EventDate "2013.06.29"]
[EventType "swiss"]
[EventRounds "9"]
[EventCountry "GER"]
[SourceTitle "EXT 2014"]
[Source "ChessBase"]
[SourceDate "2013.11.20"]
[SourceVersion "1"]
[SourceVersionDate "2013.11.20"]
[SourceQuality "1"]

1. e4 c5 2. Nf3 d6 3. d4 cxd4 4. Nxd4 Nf6 5. Nc3 a6 6. f3 e6 7. Bd3 Be7 8. Rb1 0-0 9. Be3 b5 10. a3 Bb7 11. 0-0 Nc6 12. Qe1 Ne5 13. Be2 Rc8 14. Nb3 Nc4 15. Bf2 Qc7 16. Nd2 Nxa3 17. Rc1 Nc4 18. Nxc4 bxc4 19. Na4 Nd7 20. Qb4 Rfe8 21. Qd2 Qc6 22. Nc3 Red8 23. Rfd1 Nf6 24. Ra1 d5 25. e5 Nd7 26. f4 g6 27. Bf3 Bc5 28. h4 f5 29. g3 Kg7 30. Kg2 Bxf2 31. Qxf2 Nc5 32. Rg1 h5 33. Qe2 Qe8 34. g4 hxg4 35. Bxg4 Qe7 36. Kh3 Rh8 37. Bh5 Rh6 38. Rg5 Rch8 39. Rg2 Kf8 40. Rxg6 d4 41. Rxh6 Rxh6 42. Rg1 dxc3 43. Bf3 Bxf3 44. Qxf3 Qxh4+ 0-1

[Event "Arber op Seniors 1st"]
[Site "Bayerisch Eisenstein"]
[Date "2013.07.05"]
[Round "7"]
[White "Westphal, Norbert"]
[Black "Artmann, Heribert"]
[Result "1/2-1/2"]
[WhiteElo "1900"]
[BlackElo "1769"]
[PlyCount "45"]
[EventDate "2013.06.29"]
[EventType "swiss"]
[EventRounds "9"]
[EventCountry "GER"]
[SourceTitle "EXT 2014"]
[Source "ChessBase"]
[SourceDate "2013.11.20"]
[SourceVersion "1"]
[SourceVersionDate "2013.11.20"]
[SourceQuality "1"]

1. d4 Nf6 2. Nf3 d5 3. e3 e6 4. Bd3 c5 5. b3 Nc6 6. a3 cxd4 7. exd4 Bd6 8. Qe2 0-0 9. Bb2 Re8 10. Ne5 Nd7 11. Nd2 Ndxe5 12. dxe5 Bc7 13. 0-0 Bb6 14. Nf3 h6 15. Rad1 Qc7 16. Kh1 a5 17. c4 Rd8 18. Bb1 Bc5 19. Qc2 g6 20. cxd5 exd5 21. Qc1 Kh7 22. Qf4 Be6 23. Bc1 1/2-1/2

[Event "Arber op Seniors 1st"]
[Site "Bayerisch Eisenstein"]
[Date "2013.06.29"]
[Round "1"]
[White "Riedl, Maximilian"]
[Black "Artmann, Heribert"]
[Result "1-0"]
[WhiteElo "1990"]
[BlackElo "1769"]
[PlyCount "87"]
[EventDate "2013.06.29"]
[EventType "swiss"]
[EventRounds "9"]
[EventCountry "GER"]
[SourceTitle "EXT 2014"]
[Source "ChessBase"]
[SourceDate "2013.11.20"]
[SourceVersion "1"]
[SourceVersionDate "2013.11.20"]
[SourceQuality "1"]

1. e4 c5 2. d3 Nc6 3. Nf3 d6 4. g3 Nf6 5. Bg2 g6 6. 0-0 Bg7 7. Re1 0-0 8. Nbd2 Bg4 9. h3 Bd7 10. Nf1 Qc8 11. Kh2 e5 12. Ne3 Ne7 13. Nc4 Qc7 14. a4 a6 15. Bd2 Nc6 16. a5 Be6 17. Nb6 Rad8 18. Ng5 Nd7 19. Nd5 Bxd5 20. exd5 Ne7 21. c4 Nf5 22. Rb1 Nd4 23. b4 h6 24. Nf3 Nxf3+ 25. Bxf3 f5 26. b5 Ra8 27. Kg2 Nf6 28. bxa6 Rxa6 29. Qb3 Kh7 30. Be2 e4 31. f3 exf3+ 32. Bxf3 Nd7 33. Re7 Rd8 34. Qxb7 Ra7 35. Qxc7 Rxc7 36. Bf4 Ra7 37. Bxd6 Rxa5 38. Bc7 Ra2+ 39. Kf1 Kg8 40. Bxd8 Ne5 41. Be2 Kf8 42. Re6 Nf7 43. Be7+ Kg8 44. Bxc5 1-0

[Event "MVP-ch Seniors op 12th"]
[Site "Binz"]
[Date "2012.12.01"]
[Round "4"]
[White "Artmann, Heribert"]
[Black "Worm, Alfred"]
[Result "1/2-1/2"]
[WhiteElo "1571"]
[BlackElo "1736"]
[PlyCount "31"]
[EventDate "2012.11.28"]
[EventType "swiss"]
[EventRounds "9"]
[EventCountry "GER"]
[SourceTitle "EXT 2014"]
[Source "ChessBase"]
[SourceDate "2013.11.20"]
[SourceVersion "1"]
[SourceVersionDate "2013.11.20"]
[SourceQuality "1"]

1. e4 c6 2. d4 d5 3. e5 c5 4. c3 Nc6 5. Nf3 e6 6. Be2 Qb6 7. 0-0 Nh6 8. b3 Nf5 9. g4 Nfe7 10. Be3 Ng6 11. h4 cxd4 12. cxd4 Be7 13. h5 Nh4 14. Nc3 Qd8 15. Nxh4 Bxh4 16. f4 1/2-1/2

[Event "MVP-ch Seniors op 11th"]
[Site "Binz"]
[Date "2011.12.03"]
[Round "4.72"]
[White "Ludwig, Richard"]
[Black "Artmann, Heribert"]
[Result "0-1"]
[WhiteElo "1418"]
[BlackElo "1556"]
[PlyCount "68"]
[EventDate "2011.11.30"]
[EventType "swiss"]
[EventRounds "9"]
[EventCountry "GER"]
[SourceTitle "EXT 2013"]
[Source "ChessBase"]
[SourceDate "2012.11.22"]
[SourceVersion "1"]
[SourceVersionDate "2012.11.22"]
[SourceQuality "1"]

1. e4 c5 2. c3 Nc6 3. d4 cxd4 4. cxd4 d5 5. e5 Qb6 6. Nf3 Bg4 7. Be2 e6 8. 0-0 Bxf3 9. Bxf3 Qxd4 10. Qe2 Qxe5 11. Qb5 Qc7 12. Re1 Nge7 13. Nc3 0-0-0 14. Ne2 Qa5 15. Qxa5 Nxa5 16. Bf4 Ng6 17. Rac1+ Nc6 18. Be3 Kb8 19. Red1 Bd6 20. g3 Nge5 21. Bg2 Nc4 22. Bd4 Nxd4 23. Nxd4 Be5 24. Rb1 Bxd4 25. Rxd4 Rc8 26. Bf1 Rc7 27. b4 b5 28. f4 a6 29. g4 Ne3 30. h3 Nxf1 31. Kxf1 Rc2 32. f5 Rf8 33. a4 Rh2 34. Rb3 Rc8 0-1